Sports Quiz

Random Sports or Letter Quiz

Premiership Goal Scorers (A-Z) Quiz Stats

 Plays Quiz Updated Jul 10, 2018

Support Sporcle.
Go Orange.
Score 0/26 Timer 07:00
16 Plays Today
Letter Player % Correct
SAlan Shearer
87.6%
HThierry Henry
78.5%
RWayne Rooney
78.1%
CAndrew Cole
76.6%
LFrank Lampard
69%
OMichael Owen
68.9%
GSteven Gerrard
62.4%
FRobbie Fowler
59.7%
YDwight Yorke
58.8%
ASergio Agüero
55.3%
ZGianfranco Zola
53.7%
WIan Wright
49.6%
KHarry Kane
45.8%
Letter Player % Correct
XGranit Xhaka
45.5%
DJermain Defoe
40.5%
NKevin Nolan
40%
TFernando Torres
35.7%
VRobin van Persie
34.8%
PKevin Phillips
34.3%
BDarren Bent
32%
QNiall Quinn
30.4%
JAndrew Johnson
28.4%
IPaul Ince
22.3%
UDavid Unsworth
19.2%
EJason Euell
11.9%
MSadio Mane
8.6%

You're not logged in!

Compare scores with friends on all Sporcle quizzes.
OR
Log In

From the Vault

Most Populous Countries in Order

by Jam1

Is this quiz getting crowded, or are we imagining things?
Remove Ads.
Support Sporcle.
Get the best of Sporcle when you Go Orange. This ad-free experience offers more features, more stats, and more fun while also helping to support Sporcle. Thank you for becoming a member.

Show Comments

Extras

Top Quizzes Today


Score Distribution

Your Account Isn't Verified!

In order to create a playlist on Sporcle, you need to verify the email address you used during registration. Go to your Sporcle Settings to finish the process.

Report this User

Report this user for behavior that violates our Community Guidelines.

Details: